MARC

Tag First Indicator Second Indicator Subfields
LEADER 00000cam a2200000La 4500
001 in00001572721
005 20220103181217.0
006 m u
007 cr cn-
008 001008s1999 aluab sb s001 0 eng d
010 |z  98058053  
020 |a 0585140979 (electronic bk.) :  |c $39.95 
020 |z 0817309500 (pbk. : alk. paper) 
035 |a (OCoLC)ocm44956586 
040 |a N$T  |c N$T  |d OCL  |d UtOrBLW 
043 |a n-us-fl 
049 |a IKMN 
050 1 4 |a E78.F6  |b M66 1999eb 
082 0 4 |a 975.9/101  |2 21 
100 1 |a Moore, Clarence B.  |q (Clarence Bloomfield),  |d 1852-1936.  |0 http://id.loc.gov/authorities/names/n95111910 
245 1 4 |a The east Florida expeditions of Clarence Bloomfield Moore /  |c edited and with an introduction by Jeffrey M. Mitchem. 
264 1 |a Tuscaloosa, Ala. :  |b University of Alabama Press,  |c [1999] 
264 4 |c ©1999 
300 |a viii, 432 pages :  |b illustrations, maps ;  |c 36 cm. 
336 |a text  |b txt  |2 rdacontent 
337 |a computer  |b c  |2 rdamedia 
338 |a online resource  |b cr  |2 rdacarrier 
490 1 |a Classics in southeastern archaeology 
500 |a Reprint of works originally published 1892-1903. 
504 |a Includes bibliographical references and indexes. 
533 |a Electronic reproduction.  |b Boulder, Colo. :  |c NetLibrary,  |d 2000.  |n Available via the World Wide Web.  |n Available in multiple electronic file formats.  |n Access may be limited to NetLibrary affiliated libraries. 
500 |a Electronic resource. 
650 0 |a Indians of North America  |z Florida  |z Saint Johns River Watershed  |x Antiquities. 
600 1 0 |a Moore, Clarence B.  |q (Clarence Bloomfield),  |d 1852-1936  |x Travel  |z Florida  |z Saint Johns River Watershed. 
650 0 |a Archaeological expeditions  |z Florida  |z Saint Johns River Watershed. 
650 0 |a Excavations (Archaeology)  |z Florida  |z Saint Johns River Watershed  |x History. 
651 0 |a Saint Johns River Watershed (Fla.)  |x Antiquities. 
655 7 |a Electronic books.  |2 local 
700 1 |a Mitchem, Jeffrey M.  |0 http://id.loc.gov/authorities/names/n87861716 
710 2 |a NetLibrary, Inc.  |0 http://id.loc.gov/authorities/names/no99080690 
776 1 |c Original  |w (DLC) 98058053  |w (OCoLC)40354900 
830 0 |a Classics in southeastern archaeology.  |0 http://id.loc.gov/authorities/names/n95111912 
856 4 1 |u https://proxy.library.tamu.edu/login?url=http://www.netLibrary.com/urlapi.asp?action=summary&v=1&bookid=13556  |z Connect to the full text of this electronic book  |t 0 
994 |a 92  |b IKM 
999 |a MARS 
999 f f |s f6260f86-70e0-39b4-a640-38033c8fcb3d  |i 3728ee89-ea8b-3dc2-89f8-de9c97fbfa4a  |t 0 
952 f f |a Texas A&M University  |b College Station  |c Electronic Resources  |d Available Online  |t 0  |e E78.F6 M66 1999eb  |h Library of Congress classification 
998 f f |a E78.F6 M66 1999eb  |t 0  |l Available Online